جہا ں ا و ر بھی ہيں (Record no. 175758)
[ view plain ]
| 000 -LEADER | |
|---|---|
| fixed length control field | 00643nam a22001937a 4500 |
| 005 - DATE AND TIME OF LATEST TRANSACTION | |
| control field | 20200924144515.0 |
| 010 ## - LCCN (DPL NO) | |
| LC control number | UR-10872 |
| 020 ## - INTERNATIONAL STANDARD BOOK NUMBER | |
| Terms of availability | 200.00 |
| International Standard Book Number | 9789389733839 |
| 035 ## - SYSTEM CONTROL NUMBER | |
| System control number | U-9427 |
| 037 ## - SOURCE OF ACQUISITION | |
| Source of stock number/acquisition | DBAD/PUB |
| 082 ## - DEWEY DECIMAL CLASSIFICATION NUMBER | |
| Classification number | ن |
| 100 ## - MAIN ENTRY--PERSONAL NAME | |
| Personal name | ا د ر يس صد يقی |
| 245 ## - TITLE STATEMENT | |
| Title | جہا ں ا و ر بھی ہيں |
| Statement of responsibility, etc | ا د ر يس صد يقی |
| 246 ## - VARYING FORM OF TITLE | |
| Remainder of title | Jahan Aur Bhi Hai (Urdu) |
| Title proper/short title | by Idrees Siddiqui |
| 260 ## - PUBLICATION, DISTRIBUTION, ETC. (IMPRINT) | |
| Place of publication, distribution, etc | N.Delhi |
| Name of publisher, distributor, etc | Educational Publishing House |
| Date of publication, distribution, etc | 2020 ء |
| 270 ## - ADDRESS | |
| Address | H.O.D1/16,Ansari Road,Darya ganj, |
| City | N.Delhi |
| Postal code | 110002 |
| Telephone number | 45678285,23216162 |
| Fax number | 0091-11-23211540 |
| 300 ## - PHYSICAL DESCRIPTION | |
| Extent | 192 ص |
| Dimensions | 22 Cm(Hb) |
| 942 ## - ADDED ENTRY ELEMENTS (KOHA) | |
| Source of classification or shelving scheme | Dewey Decimal Classification |
| Item type | Urdu Bks |
| Classification part | ن |
| Call number suffix | ص د ی |
| Withdrawn status | Lost status | Not for loan | Collection code | Home library | Current library | Date acquired | Source of acquisition | Cost, normal purchase price | Full call number | Barcode | Copy number | Cost, replacement price | Koha item type |
|---|---|---|---|---|---|---|---|---|---|---|---|---|---|
| Fiction | D.B.Act.Division | D.B.Act.Division | 24/09/2020 | DBAD/PUB | 200.00 | ن ص د ی | U-9427 | 1 | 200.00 | Urdu Bks |
